01220cam a22003018i 450000100090000000300040000900500170001300800410003001000170007102000180008804000230010604200080012905000250013708200190016210000260018124500720020726300090027926400820028830000140037050400510038465000490043565000270048470000180051177601840052994200440071395201440075799900170090118145628OSt20230823114152.0140509s2014 enk b 001 0 eng  a 2014017816 a9788126558728 aDLCbengcDLCerda apcc00aHG4027.5b.S465 201400a658.159bSHA/I aShapiro, Alan C9129010aInternational financial management /cAlan C. Shapiro, Peter Moles. a1408 1aChichester, West Sussex, United Kingdom :bJohn Wiley and Sons, Inc.,c[2014] a716 pages aIncludes bibliographical references and index. 0aInternational business enterprisesxFinance. 0aInternational finance.1 aMoles, Peter.08iOnline version:aShapiro, Alan C.tInternational financial managementdChichester, West Sussex, United Kingdom : John Wiley and Sons, Inc., [2014]z9781118953549w(DLC) 2014018860 2ddccBKh658.159iSHA/Ik658.159mSHA/I 00102ddc40708MANAGEMENTaMESbMEScMANAGEMENTd2023-08-24l0o658.159 SHA/Ip42168r2023-08-24 12:07:12v949.00w2023-08-24yBKzGL54R3 c41963d41963